| 000 | 01100nam a22002177a 4500 | ||
|---|---|---|---|
| 999 |
_c60907 _d60907 |
||
| 005 | 20231115164713.0 | ||
| 008 | 231115s1997 ru ||||| |||| 00| 0 rus d | ||
| 020 | _a 9850100176 | ||
| 041 | _arus | ||
| 080 | _a94(3)(031) Л-63 | ||
| 100 |
_aЛисовый, Игорь Андреевич _920408 |
||
| 245 |
_aАнтичный мир в терминах, именах и названиях : _bСловарь - справочник по истории и культуре Древней Греции и Рима / _cИ. А. Лисовый, К. А. Ревяко. |
||
| 250 | _a2-е издание | ||
| 264 |
_aМинск : _bБеларусь, _c1996. |
||
| 300 |
_a 254 с. : _bил. ; _c22 см. |
||
| 653 | _aუძველესი სამყარო ტერმინებით, სახელებითა და სათაურებით | ||
| 653 | _aძველი საბერძნეთი | ||
| 653 | _aრომის ისტორია | ||
| 700 |
_aРевяко, Казимир Адамович _eავტორი _920409 |
||
| 942 |
_2udc _cᲬᲘᲒᲜᲘ |
||